Statistics for 55 Random Missing Countries on a Map

Click here to take the quiz!

General Stats

  • This quiz has been taken 108 times
  • The average score is 47 of 55

Answers on the Map

Answers color-coded by a green-red scale on the quiz's map according to % correct below.
 

Answer Stats

Country% Correct
Afghanistan
100%
Algeria
100%
Argentina
100%
Austria
100%
Belarus
100%
Benin
100%
Bolivia
100%
Brazil
100%
Cameroon
100%
Canada
100%
Chad
100%
Chile
100%
China
100%
Colombia
100%
Costa Rica
100%
Democratic Republic
of the Congo
100%
Egypt
100%
France
100%
Germany
100%
Haiti
100%
Honduras
100%
Hungary
100%
India
100%
Indonesia
100%
Iran
100%
Iraq
100%
Italy
100%
Kazakhstan
100%
Libya
100%
Mali
100%
Mauritania
100%
Mexico
100%
Mongolia
100%
Myanmar
100%
Niger
100%
Nigeria
100%
Pakistan
100%
Paraguay
100%
Romania
100%
Russia
100%
Saudi Arabia
100%
Serbia
100%
Slovakia
100%
Spain
100%
Sudan
100%
Tanzania
100%
Thailand
100%
Uganda
100%
Ukraine
100%
United Kingdom
100%
United States
100%
Venezuela
100%
Panama
95%
Poland
95%
Somalia
95%
Burkina Faso
94%
Central African Republic
94%
Estonia
94%
Guatemala
94%
Latvia
94%
Lithuania
94%
Namibia
94%
Nepal
94%
Oman
94%
Peru
94%
Togo
94%
Turkey
94%
Uruguay
94%
Zambia
94%
Ecuador
93%
Greece
93%
Laos
93%
Portugal
93%
Republic of the Congo
93%
Switzerland
93%
Vietnam
93%
Zimbabwe
93%
Belgium
92%
Cuba
92%
Senegal
92%
Uzbekistan
92%
Botswana
91%
Guyana
91%
Mozambique
91%
Angola
90%
Ethiopia
90%
Bosnia and
Herzegovina
89%
Dominican Republic
89%
Eritrea
89%
Ivory Coast
89%
Kiribati
89%
Nicaragua
89%
Norway
89%
Suriname
89%
Albania
88%
Australia
88%
Bahamas
88%
Gabon
88%
Japan
88%
Kenya
88%
Kyrgyzstan
88%
Lesotho
88%
Yemen
88%
Bulgaria
87%
Czech Republic
87%
Moldova
87%
Slovenia
87%
Sweden
87%
Azerbaijan
86%
Croatia
86%
Georgia
86%
Ghana
86%
Guinea
86%
Turkmenistan
86%
Denmark
85%
Finland
85%
Ireland
85%
Malaysia
85%
Micronesia
85%
Rwanda
85%
South Korea
85%
South Sudan
85%
Bhutan
83%
Morocco
82%
Jordan
81%
North Macedonia
81%
Guinea-Bissau
80%
Liberia
80%
Papua New Guinea
80%
South Africa
80%
Equatorial Guinea
79%
Syria
79%
Seychelles
78%
Samoa
77%
Cambodia
76%
Madagascar
76%
Tajikistan
76%
Bangladesh
75%
Burundi
75%
Eswatini
75%
Montenegro
75%
North Korea
75%
Tunisia
75%
Armenia
74%
Luxembourg
74%
Netherlands
73%
Sri Lanka
72%
Comoros
71%
Iceland
71%
Maldives
71%
Sierra Leone
71%
Belize
70%
Cyprus
70%
New Zealand
69%
Qatar
69%
Solomon Islands
69%
Taiwan
68%
Kosovo
67%
Mauritius
67%
Palau
67%
Philippines
67%
Cape Verde
65%
Kuwait
64%
Vanuatu
64%
Jamaica
63%
Nauru
63%
São Tomé and Príncipe
63%
Malawi
62%
United Arab Emirates
59%
Israel
57%
Marshall Islands
57%
Djibouti
56%
El Salvador
56%
Tonga
56%
Fiji
54%
Lebanon
53%
Malta
53%
Gambia
50%
Trinidad and Tobago
47%
Tuvalu
47%
East Timor
33%

Score Distribution

Percentile by Number Answered

Percent of People with Each Score

Your Score History

You have not taken this quiz